Statistics for Mérida International Airport Destinations (Yucatan, Mexico)

Click here to take the quiz!

General Stats

  • This quiz has been taken 12 times
  • The average score is 14 of 21

Answer Stats

AirlineDestination% Correct
Magnicharters/MAYAirCancun
100%
Aeromexico/Aeromexico Connect/Magnicharters/Viva Aerobus/VolarisMexico City
100%
Viva AerobusToluca/Mexico City
100%
American AirlinesDallas/Fort Worth
86%
Viva Aerobus/VolarisGuadalajara
86%
Transportes Aereos GuatemaltecosGuatemala City
86%
United AirlinesHouston (Intercontinental)
86%
Viva Aerobus/VolarisLeon/El Bajio
86%
American AirlinesMiami
86%
Viva AerobusMonterrey
86%
VolarisTijuana
86%
VolarisOaxaca
57%
Viva AerobusQueretaro
57%
WestJetToronto (Pearson)
57%
Viva AerobusTuxtla Gutierrez
57%
Viva AerobusVeracruz
57%
Transportes Aereos GuatemaltecosFlores
43%
Viva AerobusHavana
43%
MAYAir/Viva AerobusVillahermosa
43%
Aeromexico Connect/VolarisMexico City (AIFA)
29%
Viva AerobusCamaguey
0%

Score Distribution

Percentile by Number Answered

Percent of People with Each Score

Your Score History

You have not taken this quiz